000
00346nam a2200157Ia 4500
003
0STCL
008
150530s9999 xx 000 0 und d
040
_a
STCL
_c
STCL
100
_a
John Cheever
245
_a
Oh what a paradise it seems
260
_c
1982
546
_a
English
942
_2
ddc
_c
BK
999
_c
67539
_d
67539
005
20220125171345.0